[Event "XIX Najdorf Memorial 2019"]
[Site "Warsaw"]
[Date "2019.07.11"]
[Round "6.32"]
[White "Lapaj, Mateusz"]
[Black "Cieslak, Wiktoria"]
[Result "1-0"]
[WhiteElo "2223"]
[BlackElo "2001"]
[Annotator "NA"]
[PlyCount "93"]
[EventDate "2019.07.06"]
[EventType "swiss"]
[EventCountry "POL"]
[SourceTitle "playchess.com"]
[Source "ChessBase"]
[SourceQuality "1"]
[TimeControl "40/5400+30:1800+30"]

1. e4 {[%emt 0:00:00]} c5 {[%emt 0:00:00]} 2. c3 {[%emt 0:00:00]} Nf6 {[%emt 0:00:00]} 3. e5 {[%emt 0:00:01]} Nd5 {[%emt 0:00:00]} 4. Nf3 {[%emt 0:00:11]} Nc6 {[%emt 0:00:18]} 5. Bc4 {[%emt 0:00:04]} e6 {[%emt 0:00:32]} 6. O-O {[%emt 0:00:20]} d6 {[%emt 0:00:44]} 7. d4 {[%emt 0:00:08]} cxd4 {[%emt 0:00:17]} 8. cxd4 {[%emt 0:00:06]} Be7 {[%emt 0:00:58]} 9. Qe2 {[%emt 0:01:14]} O-O {[%emt 0:00:53]} 10. Nc3 {[%emt 0:00:07]} Nc7 {[%emt 0:02:32]} 11. Rd1 {[%emt 0:09:05]} d5 {[%emt 0:01:49]} 12. Bd3 {[%emt 0:00:28]} f5 {[%emt 0:00:21]} 13. exf6 {[%emt 0:05:11]} Bxf6 {[%emt 0:00:22]} 14. Bf4 {[%emt 0:05:09]} Kh8 {[%emt 0:02:42]} 15. Be5 {[%emt 0:06:05]} Bxe5 {[%emt 0:03:28]} 16. Nxe5 {[%emt 0:11:29]} Nxe5 {[%emt 0:00:59]} 17. dxe5 {[%emt 0:05:17]} Qg5 {[%emt 0:02:15]} 18. Rac1 {[%emt 0:02:35]} Bd7 {[%emt 0:01:19]} 19. g3 {[%emt 0:21:10]} Rac8 {[%emt 0:04:10]} 20. h4 Qh6 {[%emt 0:00:42]} 21. Qd2 {[%emt 0:13:08]} Qxd2 {[%emt 0:03:14]} 22. Rxd2 {[%emt 0:01:05]} Nb5 {[%emt 0:00:39]} 23. Bxb5 {[%emt 0:01:00]} Bxb5 {[%emt 0:00:05]} 24. f4 {[%emt 0:01:58]} Rfd8 {[%emt 0:00:46]} 25. Rd4 {[%emt 0:00:10]} a5 {[%emt 0:01:18]} 26. Kf2 {[%emt 0:02:36]} Ba6 {[%emt 0:01:20]} 27. Rcd1 {[%emt 0:01:59]} b5 {[%emt 0:01:03]} 28. a3 {[%emt 0:00:19]} g6 {[%emt 0:00:48]} 29. Ke3 {[%emt 0:00:42]} Rf8 {[%emt 0:02:11]} 30. Rc1 {[%emt 0:00:51]} Rf7 {[%emt 0:00:43]} 31. Rdd1 {[%emt 0:02:28]} Rfc7 {[%emt 0:03:02]} 32. Ne2 {[%emt 0:01:16]} b4 {[%emt 0:05:25]} 33. Rxc7 {[%emt 0:01:30]} Rxc7 {[%emt 0:00:05]} 34. Rc1 {[%emt 0:00:04]} Rb7 {[%emt 0:04:41]} 35. Nd4 {[%emt 0:00:42]} bxa3 {[%emt 0:00:49]} 36. bxa3 {[%emt 0:00:02]} Bc4 {[%emt 0:00:21]} 37. Nxe6 {[%emt 0:05:55]} Rb3+ {[%emt 0:01:44]} 38. Kd4 {[%emt 0:00:01]} Rxa3 {[%emt 0:00:58]} 39. Rb1 {[%emt 0:00:32]} Rb3 {[%emt 0:02:34]} 40. Ra1 {[%emt 0:00:00]} Rxg3 {[%emt 0:00:00]} 41. Rxa5 {[%emt 0:05:02]} Kg8 {[%emt 0:04:25]} 42. Ra8+ {[%emt 0:00:33]} Kf7 {[%emt 0:00:07]} 43. Ng5+ {[%emt 0:00:25]} Ke7 {[%emt 0:00:28]} 44. Ra7+ {[%emt 0:00:04]} Ke8 {[%emt 0:00:44]} 45. e6 {[%emt 0:01:13]} Rg4 {[%emt 0:02:23]} 46. Ke5 {[%emt 0:02:01]} d4 {[%emt 0:00:17]} 47. Ke4 1-0

[Event "XIX Najdorf Memorial 2019"]
[Site "Warsaw"]
[Date "2019.07.12"]
[Round "7.1"]
[White "Sieciechowicz, Marcin"]
[Black "Budrewicz, Krzysztof"]
[Result "0-1"]
[WhiteElo "2399"]
[BlackElo "2188"]
[Annotator "NA"]
[PlyCount "78"]
[EventDate "2019.07.06"]
[EventType "swiss"]
[EventCountry "POL"]
[SourceTitle "playchess.com"]
[Source "ChessBase"]
[SourceQuality "1"]
[TimeControl "40/5400+30:1800+30"]

1. d4 {[%emt 0:00:00]} d6 {[%emt 0:00:00]} 2. Nf3 {[%emt 0:00:00]} g6 {[%emt 0:00:12]} 3. c4 {[%emt 0:00:08]} Bg7 {[%emt 0:00:33]} 4. Nc3 {[%emt 0:00:12]} Bg4 {[%emt 0:00:32]} 5. e3 {[%emt 0:03:23]} c5 {[%emt 0:01:18]} 6. dxc5 {[%emt 0:01:19]} Bxc3+ {[%emt 0:00:59]} 7. bxc3 {[%emt 0:00:03]} dxc5 {[%emt 0:00:05]} 8. Qb3 {[%emt 0:07:20]} Qc7 {[%emt 0:02:09]} 9. Be2 {[%emt 0:04:51]} Nf6 {[%emt 0:02:25]} 10. h3 {[%emt 0:07:04]} Be6 {[%emt 0:02:31]} 11. O-O {[%emt 0:02:21]} O-O {[%emt 0:00:26]} 12. Nd2 {[%emt 0:03:14]} Nc6 {[%emt 0:01:11]} 13. e4 {[%emt 0:01:57]} Na5 {[%emt 0:01:58]} 14. Qc2 {[%emt 0:01:07]} Nd7 {[%emt 0:07:59]} 15. f4 {[%emt 0:04:06]} f6 {[%emt 0:02:57]} 16. Qa4 {[%emt 0:22:12]} b6 {[%emt 0:06:58]} 17. Qd1 {[%emt 0:03:28]} Rad8 {[%emt 0:06:39]} 18. Qe1 {[%emt 0:01:40]} Bf7 {[%emt 0:05:56]} 19. Qh4 {[%emt 0:02:19]} Kh8 {[%emt 0:00:35]} 20. Kh1 {[%emt 0:05:18]} Rg8 {[%emt 0:02:31]} 21. Qf2 {[%emt 0:09:17]} Rdf8 {[%emt 0:05:59]} 22. e5 {[%emt 0:07:43]} g5 {[%emt 0:08:30]} 23. exf6 {[%emt 0:01:06]} Nxf6 {[%emt 0:01:27]} 24. fxg5 {[%emt 0:01:21]} Rxg5 {[%emt 0:00:20]} 25. Bf3 {[%emt 0:02:25]} Bg6 {[%emt 0:02:05]} 26. Qe3 {[%emt 0:03:28]} Rf5 {[%emt 0:01:27]} 27. Re1 {[%emt 0:00:50]} Qg3 {[%emt 0:01:27]} 28. Nf1 {[%emt 0:01:12]} Qh4 {[%emt 0:00:32]} 29. Qe2 {[%emt 0:02:50]} e5 {[%emt 0:05:36]} 30. Ne3 {[%emt 0:00:48]} Rxf3 {[%emt 0:00:54]} 31. gxf3 {[%emt 0:00:17]} Qxh3+ {[%emt 0:02:38]} 32. Kg1 {[%emt 0:00:01]} Rg8 {[%emt 0:00:51]} 33. Ng2 {[%emt 0:01:09]} Bd3 {[%emt 0:01:01]} 34. Qf2 {[%emt 0:00:30]} Nxc4 {[%emt 0:01:14]} 35. Rd1 {[%emt 0:01:07]} e4 {[%emt 0:01:21]} 36. Rxd3 {[%emt 0:00:25]} exd3 {[%emt 0:00:06]} 37. Bd2 {[%emt 0:01:02]} Nd5 {[%emt 0:02:22]} 38. Re1 {[%emt 0:00:19]} Nxd2 {[%emt 0:00:20]} 39. Qxd2 {[%emt 0:00:01]} Nf4 {[%emt 0:00:23]} 0-1

[Event "XIX Najdorf Memorial 2019"]
[Site "Warsaw"]
[Date "2019.07.12"]
[Round "7.2"]
[White "Tomczak, Jacek"]
[Black "Fedorov, Alexei"]
[Result "1-0"]
[WhiteElo "2623"]
[BlackElo "2551"]
[Annotator "ChessBase"]
[PlyCount "53"]
[EventDate "2019.07.06"]
[EventType "swiss"]
[EventCountry "POL"]
[SourceTitle "playchess.com"]
[Source "ChessBase"]
[SourceQuality "1"]
[TimeControl "40/5400+30:1800+30"]

1. e4 {[%emt 0:00:00]} c5 {[%emt 0:00:00]} 2. Nf3 {[%emt 0:00:00]} e6 {[%emt 0:00:05]} 3. d4 {[%emt 0:00:00]} cxd4 {[%emt 0:00:05]} 4. Nxd4 {[%emt 0:00:00]} a6 {[%emt 0:00:07]} 5. Be2 {[%emt 0:00:15]} Nf6 {[%emt 0:01:39]} 6. Nc3 {[%emt 0:00:17]} Bb4 {[%emt 0:00:06]} 7. e5 {[%emt 0:00:07]} Nd5 {[%emt 0:03:57]} 8. O-O {[%emt 0:01:06]} Nxc3 {[%emt 0:05:40]} 9. bxc3 {[%emt 0:01:01]} Be7 {[%emt 0:00:23]} 10. Bf4 {[%emt 0:00:28]} O-O {[%emt 0:04:51]} 11. Qd3 {[%emt 0:00:43]} Nc6 {[%emt 0:03:53]} 12. Qg3 {[%emt 0:10:38]} Kh8 {[%emt 0:16:00]} 13. Rad1 {[%emt 0:11:28]} Qe8 {[%emt 0:05:01]} 14. Nxc6 {[%emt 0:24:28]} bxc6 {[%emt 0:04:08]} 15. Qh3 {[%emt 0:01:45]} a5 {[%emt 0:15:16]} 16. Bd3 {[%emt 0:09:37]} g6 {[%emt 0:00:07]} 17. Bh6 {[%emt 0:00:40]} Rg8 {[%emt 0:00:42]} 18. Qf3 {[%emt 0:01:55]} a4 {[%emt 0:14:17]} 19. Rfe1 {[%emt 0:09:46]} Ra5 {[%emt 0:04:25]} 20. Rb1 {[%emt 0:01:22]} Ba6 {[%emt 0:04:33]} 21. c4 {[%emt 0:00:22]} a3 {[%emt 0:03:08]} 22. Qf4 {[%emt 0:02:30]} g5 {[%emt 0:05:58]} 23. Qf3 {[%emt 0:01:35]} g4 {[%emt 0:00:58]} 24. Qf4 {[%emt 0:00:43]} Bf8 {[%emt 0:00:23]} 25. Qf6+ {[%emt 0:07:14]} Bg7 {[%emt 0:00:04]} 26. Bxg7+ {[%emt 0:00:03]} Rxg7 {[%emt 0:00:05]} 27. Rb3 {[%emt 0:00:16]} 1-0

[Event "XIX Najdorf Memorial 2019"]
[Site "Warsaw"]
[Date "2019.07.12"]
[Round "7.2"]
[White "Goslawski, Michal"]
[Black "Krysztofiak, Marcin"]
[Result "1/2-1/2"]
[WhiteElo "2091"]
[BlackElo "2382"]
[Annotator "NA"]
[PlyCount "52"]
[EventDate "2019.07.06"]
[EventType "swiss"]
[EventCountry "POL"]
[SourceTitle "playchess.com"]
[Source "ChessBase"]
[SourceQuality "1"]
[TimeControl "40/5400+30:1800+30"]

1. Nf3 Nf6 2. c4 e6 3. g3 d5 4. d4 Be7 5. Bg2 O-O 6. O-O c6 7. Nc3 b6 8. Ne5 Ba6 9. e4 dxc4 10. Bf4 Qc8 11. Qe2 b5 12. Rfd1 b4 13. Na4 Bb5 14. Nc5 Na6 15. Nxc4 Nxc5 16. dxc5 Qa6 17. b3 Bxc5 18. Bd6 Bxd6 19. Rxd6 Rad8 20. Rad1 Rxd6 21. Rxd6 Bxc4 22. bxc4 e5 23. Qc2 Ne8 24. Rd7 Nf6 25. Rd6 Ne8 26. Rd7 Nf6 1/2-1/2

[Event "XIX Najdorf Memorial 2019"]
[Site "Warsaw"]
[Date "2019.07.12"]
[Round "7.3"]
[White "Yuffa, Daniil"]
[Black "Zylka, Stanislaw"]
[Result "1-0"]
[WhiteElo "2582"]
[BlackElo "2308"]
[Annotator "ChessBase"]
[PlyCount "51"]
[EventDate "2019.07.06"]
[EventType "swiss"]
[EventCountry "POL"]
[SourceTitle "playchess.com"]
[Source "ChessBase"]
[SourceQuality "1"]
[TimeControl "40/5400+30:1800+30"]

1. d4 Nf6 2. c4 g6 3. Nc3 d5 4. Nf3 Bg7 5. cxd5 Nxd5 6. e4 Nxc3 7. bxc3 c5 8. Rb1 O-O 9. Be2 cxd4 10. cxd4 Qa5+ 11. Bd2 Qxa2 12. O-O Bg4 13. Bg5 h6 14. Be3 Nc6 15. d5 Na5 16. Rb4 b6 17. e5 Bxf3 18. Bxf3 Bxe5 19. Bxh6 Rfd8 20. h4 Rac8 21. h5 Rc4 22. Qe1 Bd6 23. hxg6 Bxb4 24. Qe5 Bc3 25. gxf7+ Kh7 26. Qh5 1-0

[Event "XIX Najdorf Memorial 2019"]
[Site "Warsaw"]
[Date "2019.07.12"]
[Round "7.3"]
[White "Shevchenko, Kirill"]
[Black "Dragun, Kamil"]
[Result "1/2-1/2"]
[WhiteElo "2536"]
[BlackElo "2604"]
[Annotator "ChessBase"]
[PlyCount "120"]
[EventDate "2019.07.06"]
[EventType "swiss"]
[EventCountry "POL"]
[SourceTitle "playchess.com"]
[Source "ChessBase"]
[SourceQuality "1"]
[TimeControl "40/5400+30:1800+30"]

1. d4 {[%emt 0:00:00]} Nf6 {[%emt 0:00:00]} 2. c4 {[%emt 0:00:00]} e6 {[%emt 0:00:17]} 3. Nc3 {[%emt 0:00:00]} Bb4 {[%emt 0:00:12]} 4. Nf3 {[%emt 0:00:00]} O-O {[%emt 0:00:29]} 5. Bg5 {[%emt 0:00:08]} c5 {[%emt 0:00:23]} 6. e3 {[%emt 0:03:18]} cxd4 {[%emt 0:00:58]} 7. Qxd4 {[%emt 0:00:33]} Nc6 {[%emt 0:09:18]} 8. Qf4 {[%emt 0:00:24]} h6 {[%emt 0:10:41]} 9. Bxf6 {[%emt 0:07:45]} Qxf6 {[%emt 0:00:40]} 10. Qxf6 {[%emt 0:00:05]} gxf6 {[%emt 0:00:05]} 11. Rc1 {[%emt 0:00:38]} Rd8 {[%emt 0:00:32]} 12. Be2 {[%emt 0:13:36]} d5 {[%emt 0:14:14]} 13. cxd5 {[%emt 0:24:05]} Rxd5 {[%emt 0:00:19]} 14. O-O {[%emt 0:06:40]} Rd8 {[%emt 0:03:26]} 15. Ne4 {[%emt 0:03:21]} f5 {[%emt 0:04:15]} 16. Nc5 {[%emt 0:00:14]} Rd5 {[%emt 0:00:17]} 17. Nb3 {[%emt 0:05:06]} Be7 {[%emt 0:03:24]} 18. Nfd4 {[%emt 0:08:31]} Nxd4 {[%emt 0:03:16]} 19. Nxd4 {[%emt 0:05:10]} Bf6 {[%emt 0:00:18]} 20. Rfd1 {[%emt 0:04:18]} Rd8 {[%emt 0:09:44]} 21. f4 {[%emt 0:01:46]} Rd6 {[%emt 0:17:28]} 22. Kf2 {[%emt 0:02:20]} Kf8 {[%emt 0:04:35]} 23. Bf3 {[%emt 0:02:16]} Rb8 {[%emt 0:01:52]} 24. b3 {[%emt 0:02:09]} Ke7 {[%emt 0:01:11]} 25. Rc4 {[%emt 0:02:53]} Bxd4 {[%emt 0:02:12]} 26. exd4 {[%emt 0:01:18]} a5 {[%emt 0:03:25]} 27. Rc7+ {[%emt 0:03:57]} Rd7 {[%emt 0:00:24]} 28. Rdc1 {[%emt 0:00:57]} Kd8 {[%emt 0:00:15]} 29. Rxd7+ {[%emt 0:00:22]} Bxd7 {[%emt 0:00:06]} 30. d5 {[%emt 0:00:06]} b6 {[%emt 0:03:18]} 31. Kg3 {[%emt 0:00:42]} Ke7 {[%emt 0:01:13]} 32. Kh4 {[%emt 0:00:14]} Rd8 {[%emt 0:00:16]} 33. Rc2 {[%emt 0:02:56]} Kf6 {[%emt 0:00:23]} 34. d6 {[%emt 0:00:37]} Be8 {[%emt 0:02:01]} 35. Rd2 Kg7 {[%emt 0:00:01]} 36. g4 {[%emt 0:01:01]} fxg4 {[%emt 0:00:14]} 37. Bxg4 {[%emt 0:00:01]} Bc6 {[%emt 0:00:43]} 38. f5 {[%emt 0:00:55]} Bd5 {[%emt 0:00:21]} 39. fxe6 fxe6 {[%emt 0:00:02]} 40. h3 {[%emt 0:00:00]} b5 {[%emt 0:00:00]} 41. Rd1 {[%emt 0:10:43]} b4 {[%emt 0:02:49]} 42. Rd2 {[%emt 0:02:07]} Kg6 {[%emt 0:00:34]} 43. Rd1 {[%emt 0:01:00]} Kf6 {[%emt 0:10:27]} 44. Kh5 {[%emt 0:08:45]} Rxd6 {[%emt 0:00:21]} 45. Kxh6 {[%emt 0:00:27]} Ke5 {[%emt 0:00:02]} 46. Kg5 {[%emt 0:02:14]} a4 {[%emt 0:00:22]} 47. h4 {[%emt 0:01:57]} Rb6 {[%emt 0:12:29]} 48. h5 {[%emt 0:02:22]} axb3 {[%emt 0:03:06]} 49. Re1+ {[%emt 0:00:16]} Kd4 {[%emt 0:00:15]} 50. axb3 {[%emt 0:00:05]} Bxb3 {[%emt 0:00:05]} 51. h6 {[%emt 0:00:30]} Bc2 {[%emt 0:00:16]} 52. Bxe6 {[%emt 0:02:14]} b3 {[%emt 0:00:01]} 53. Bxb3 {[%emt 0:00:52]} Rxb3 {[%emt 0:00:01]} 54. Re2 {[%emt 0:01:13]} Bd3 {[%emt 0:01:39]} 55. Rd2 {[%emt 0:01:04]} Ke5 {[%emt 0:01:45]} 56. Rxd3 {[%emt 0:01:30]} Rxd3 {[%emt 0:00:09]} 57. h7 {[%emt 0:00:03]} Rh3 {[%emt 0:01:28]} 58. Kg6 {[%emt 0:00:04]} Ke6 {[%emt 0:00:40]} 59. Kg7 {[%emt 0:00:05]} Rg3+ {[%emt 0:00:08]} 60. Kf8 {[%emt 0:00:14]} Rh3 {[%emt 0:00:32]} 1/2-1/2

[Event "XIX Najdorf Memorial 2019"]
[Site "Warsaw"]
[Date "2019.07.12"]
[Round "7.4"]
[White "Bernadskiy, Vitaliy"]
[Black "Heberla, Bartlomiej"]
[Result "1/2-1/2"]
[WhiteElo "2594"]
[BlackElo "2534"]
[Annotator "ChessBase"]
[PlyCount "43"]
[EventDate "2019.07.06"]
[EventType "swiss"]
[EventCountry "POL"]
[SourceTitle "playchess.com"]
[Source "ChessBase"]
[SourceQuality "1"]
[TimeControl "40/5400+30:1800+30"]

1. Nf3 {[%emt 0:10:21]} d5 {[%emt 0:04:38]} 2. e3 {[%emt 0:00:04]} Nf6 {[%emt 0:03:30]} 3. c4 {[%emt 0:00:08]} dxc4 {[%emt 0:04:25]} 4. Bxc4 {[%emt 0:00:18]} e6 {[%emt 0:00:05]} 5. O-O {[%emt 0:01:14]} c5 {[%emt 0:02:16]} 6. d4 {[%emt 0:03:44]} Nc6 {[%emt 0:00:10]} 7. Nc3 {[%emt 0:00:34]} a6 {[%emt 0:05:49]} 8. Ne5 {[%emt 0:02:31]} Qc7 {[%emt 0:19:54]} 9. Nxc6 {[%emt 0:02:06]} Qxc6 {[%emt 0:10:37]} 10. d5 {[%emt 0:01:14]} exd5 {[%emt 0:00:06]} 11. Nxd5 {[%emt 0:00:05]} Be6 {[%emt 0:00:47]} 12. Nxf6+ {[%emt 0:04:51]} gxf6 {[%emt 0:00:02]} 13. Bxe6 {[%emt 0:00:20]} Qxe6 {[%emt 0:00:02]} 14. b3 {[%emt 0:01:13]} Rg8 {[%emt 0:11:06]} 15. Bb2 {[%emt 0:00:59]} f5 {[%emt 0:02:07]} 16. Rc1 {[%emt 0:02:08]} Rd8 {[%emt 0:04:56]} 17. Qe2 {[%emt 0:10:41]} Qd5 {[%emt 0:10:31]} 18. g3 {[%emt 0:09:29]} Qd2 {[%emt 0:00:15]} 19. Rfe1 {[%emt 0:00:13]} Qxe2 {[%emt 0:00:06]} 20. Rxe2 {[%emt 0:00:03]} Rg6 {[%emt 0:00:37]} 21. Kg2 {[%emt 0:00:22]} b5 {[%emt 0:03:09]} 22. Kf3 {[%emt 0:05:33]} 1/2-1/2

[Event "XIX Najdorf Memorial 2019"]
[Site "Warsaw"]
[Date "2019.07.12"]
[Round "7.4"]
[White "Marczuk, Dominik"]
[Black "Janik, Igor"]
[Result "1/2-1/2"]
[WhiteElo "2300"]
[BlackElo "2495"]
[Annotator "ChessBase"]
[PlyCount "68"]
[EventDate "2019.07.06"]
[EventType "swiss"]
[EventCountry "POL"]
[SourceTitle "playchess.com"]
[Source "ChessBase"]
[SourceQuality "1"]
[TimeControl "40/5400+30:1800+30"]

1. d4 {[%emt 0:00:00]} Nf6 {[%emt 0:00:00]} 2. Nc3 {[%emt 0:00:00]} d5 {[%emt 0:00:00]} 3. Bf4 {[%emt 0:00:00]} e6 {[%emt 0:00:11]} 4. Nb5 {[%emt 0:00:18]} Na6 {[%emt 0:00:07]} 5. a3 {[%emt 0:00:30]} c6 {[%emt 0:01:33]} 6. Nc3 {[%emt 0:00:09]} c5 {[%emt 0:03:21]} 7. e3 {[%emt 0:00:41]} Bd7 {[%emt 0:00:09]} 8. Nf3 {[%emt 0:03:18]} Qb6 {[%emt 0:00:40]} 9. Rb1 {[%emt 0:01:46]} Be7 {[%emt 0:04:18]} 10. Ne5 {[%emt 0:07:54]} O-O {[%emt 0:04:58]} 11. g4 {[%emt 0:05:57]} cxd4 {[%emt 0:05:21]} 12. exd4 {[%emt 0:00:18]} Rad8 {[%emt 0:00:17]} 13. g5 {[%emt 0:07:56]} Ne4 {[%emt 0:06:10]} 14. Nxe4 {[%emt 0:00:11]} dxe4 {[%emt 0:00:09]} 15. Nxd7 {[%emt 0:07:44]} Rxd7 {[%emt 0:00:15]} 16. c3 {[%emt 0:00:37]} Nc7 {[%emt 0:11:10]} 17. Qc2 {[%emt 0:09:27]} Nd5 {[%emt 0:01:58]} 18. Qxe4 {[%emt 0:02:15]} Nxf4 {[%emt 0:05:11]} 19. Qxf4 {[%emt 0:00:06]} e5 {[%emt 0:01:38]} 20. Qxe5 {[%emt 0:10:45]} Bxa3 {[%emt 0:02:13]} 21. Qb5 {[%emt 0:06:53]} Qe6+ {[%emt 0:01:34]} 22. Kd2 {[%emt 0:00:45]} a6 {[%emt 0:05:47]} 23. Qd3 {[%emt 0:02:50]} Qa2 {[%emt 0:01:24]} 24. Bh3 {[%emt 0:08:12]} Rd5 {[%emt 0:06:07]} 25. Ra1 {[%emt 0:12:36]} Qxb2+ {[%emt 0:01:52]} 26. Qc2 {[%emt 0:00:04]} Qxc2+ {[%emt 0:02:45]} 27. Kxc2 {[%emt 0:00:05]} Bd6 {[%emt 0:00:06]} 28. Bg2 {[%emt 0:00:55]} Rf5 {[%emt 0:02:44]} 29. Bxb7 {[%emt 0:03:41]} Rxf2+ {[%emt 0:00:06]} 30. Kd3 {[%emt 0:00:03]} Bxh2 {[%emt 0:01:17]} 31. Rxa6 {[%emt 0:00:34]} Bf4 {[%emt 0:00:39]} 32. Rg1 {[%emt 0:00:33]} Rb2 {[%emt 0:00:42]} 33. Bd5 {[%emt 0:01:31]} Rd2+ {[%emt 0:00:59]} 34. Kc4 {[%emt 0:01:45]} Rc8+ {[%emt 0:00:58]} 1/2-1/2

[Event "XIX Najdorf Memorial 2019"]
[Site "Warsaw"]
[Date "2019.07.12"]
[Round "7.5"]
[White "Kanarek, Marcel"]
[Black "Sedlak, Nikola"]
[Result "0-1"]
[WhiteElo "2493"]
[BlackElo "2586"]
[Annotator "ChessBase"]
[PlyCount "132"]
[EventDate "2019.07.06"]
[EventType "swiss"]
[EventCountry "POL"]
[SourceTitle "playchess.com"]
[Source "ChessBase"]
[SourceQuality "1"]
[TimeControl "40/5400+30:1800+30"]

1. e4 {[%emt 0:00:12]} c6 {[%emt 0:04:38]} 2. d4 {[%emt 0:00:02]} d5 {[%emt 0:00:39]} 3. Nc3 {[%emt 0:00:03]} dxe4 {[%emt 0:00:28]} 4. Nxe4 {[%emt 0:00:03]} Nd7 {[%emt 0:00:22]} 5. Nf3 {[%emt 0:00:37]} Ngf6 {[%emt 0:00:23]} 6. Ng3 {[%emt 0:00:38]} e6 {[%emt 0:06:04]} 7. Bd3 {[%emt 0:00:17]} c5 {[%emt 0:08:13]} 8. O-O {[%emt 0:01:21]} Be7 {[%emt 0:00:57]} 9. Qe2 {[%emt 0:03:11]} O-O {[%emt 0:04:41]} 10. Rd1 {[%emt 0:01:19]} cxd4 {[%emt 0:08:24]} 11. Nxd4 {[%emt 0:01:11]} Re8 {[%emt 0:05:14]} 12. h4 {[%emt 0:13:43]} Bf8 {[%emt 0:10:30]} 13. h5 {[%emt 0:01:09]} b6 {[%emt 0:11:29]} 14. h6 {[%emt 0:44:31]} g6 {[%emt 0:00:16]} 15. Bg5 {[%emt 0:05:49]} Bb7 {[%emt 0:01:09]} 16. Ne4 {[%emt 0:10:59]} Be7 {[%emt 0:01:12]} 17. Bxf6 {[%emt 0:11:48]} Nxf6 {[%emt 0:03:17]} 18. Nxf6+ {[%emt 0:01:17]} Bxf6 {[%emt 0:00:08]} 19. Bb5 {[%emt 0:00:44]} Bxd4 {[%emt 0:02:17]} 20. Bxe8 {[%emt 0:00:02]} Qg5 {[%emt 0:02:57]} 21. Qf1 {[%emt 0:00:13]} Qf4 {[%emt 0:01:24]} 22. Rxd4 {[%emt 0:01:14]} Qxd4 {[%emt 0:00:11]} 23. Rd1 {[%emt 0:00:21]} Qe4 {[%emt 0:02:26]} 24. Bb5 {[%emt 0:00:15]} Qxc2 {[%emt 0:00:54]} 25. Qd3 {[%emt 0:00:59]} Qxd3 {[%emt 0:00:23]} 26. Rxd3 {[%emt 0:00:04]} Bd5 {[%emt 0:00:21]} 27. Rc3 {[%emt 0:00:41]} Bxa2 {[%emt 0:01:36]} 28. Rc7 {[%emt 0:00:38]} a5 {[%emt 0:02:01]} 29. Kh2 Kf8 {[%emt 0:00:51]} 30. Rb7 {[%emt 0:01:05]} Bd5 {[%emt 0:01:02]} 31. Rxb6 {[%emt 0:00:12]} Ke7 {[%emt 0:00:11]} 32. Kg3 {[%emt 0:00:47]} Kf6 {[%emt 0:01:07]} 33. Bc6 {[%emt 0:00:32]} Rd8 {[%emt 0:01:15]} 34. Ba4 {[%emt 0:00:24]} Kg5 {[%emt 0:00:45]} 35. Rb5 {[%emt 0:00:20]} Kxh6 {[%emt 0:01:28]} 36. Rxa5 {[%emt 0:00:04]} Rb8 {[%emt 0:00:56]} 37. Rb5 {[%emt 0:00:30]} Rxb5 {[%emt 0:02:53]} 38. Bxb5 {[%emt 0:00:01]} Bb3 {[%emt 0:00:07]} 39. Kf4 {[%emt 0:00:17]} f6 {[%emt 0:00:07]} 40. Ke3 {[%emt 0:00:00]} Kg7 {[%emt 0:00:00]} 41. Kd4 {[%emt 0:07:13]} Kf7 {[%emt 0:07:16]} 42. Kc5 {[%emt 0:11:08]} Ke7 {[%emt 0:00:15]} 43. Bc6 {[%emt 0:08:54]} h5 {[%emt 0:08:33]} 44. Kb4 {[%emt 0:04:20]} Kd6 {[%emt 0:01:33]} 45. Be8 {[%emt 0:02:04]} Bd5 {[%emt 0:02:25]} 46. g3 {[%emt 0:00:52]} Be4 {[%emt 0:00:18]} 47. Kc4 {[%emt 0:00:41]} Ke7 {[%emt 0:01:08]} 48. Ba4 {[%emt 0:00:01]} g5 {[%emt 0:05:01]} 49. Kd4 {[%emt 0:00:03]} f5 {[%emt 0:03:44]} 50. Ke3 {[%emt 0:01:15]} h4 {[%emt 0:00:10]} 51. gxh4 {[%emt 0:00:17]} gxh4 {[%emt 0:00:07]} 52. f3 {[%emt 0:00:18]} h3 {[%emt 0:00:10]} 53. Kf2 {[%emt 0:00:14]} h2 {[%emt 0:00:10]} 54. Kg2 {[%emt 0:00:06]} Bxf3+ {[%emt 0:00:07]} 55. Kxh2 e5 {[%emt 0:01:13]} 56. Kg3 {[%emt 0:00:20]} Bb7 {[%emt 0:00:10]} 57. Bc2 {[%emt 0:01:09]} Kf6 {[%emt 0:00:09]} 58. b4 {[%emt 0:00:35]} Kg5 {[%emt 0:00:09]} 59. b5 {[%emt 0:00:54]} f4+ {[%emt 0:00:09]} 60. Kf2 {[%emt 0:00:05]} e4 {[%emt 0:00:10]} 61. Bb3 {[%emt 0:01:13]} Kf6 {[%emt 0:01:27]} 62. Ke2 {[%emt 0:00:20]} Ke5 {[%emt 0:00:19]} 63. Bf7 {[%emt 0:00:59]} Kd4 {[%emt 0:00:11]} 64. Be8 {[%emt 0:00:14]} f3+ {[%emt 0:01:31]} 65. Kf1 {[%emt 0:00:57]} Bd5 {[%emt 0:00:53]} 66. Bc6 {[%emt 0:00:41]} e3 {[%emt 0:00:13]} 0-1